De la structure sociale
Αποθηκεύτηκε σε:
| Κύριος συγγραφέας: | |
|---|---|
| Μορφή: | Βιβλίο |
| Γλώσσα: | French English |
| Δημοσίευση: |
Paris :
Payot,
1972.
|
| Σειρά: | Collection Science de l'homme (Payot (Firm: Paris, France))
|
| Θέματα: | |
| Ετικέτες: |
Προσθήκη ετικέτας
Δεν υπάρχουν, Καταχωρήστε ετικέτα πρώτοι!
|
MARC
| LEADER | 00000cam a2200000 i 4500 | ||
|---|---|---|---|
| 001 | 1/1496 | ||
| 008 | 950711s1972 fr | ||| |||| ||fre|| | ||
| 035 | |l 10014460 | ||
| 040 | |a GR-MyUa |b gre |e AACR2 | ||
| 041 | 1 | |a fre |h eng | |
| 082 | 7 | |a 301 |2 (22) | |
| 100 | 1 | |a Murdock, George Peter, |d 1897-1985. | |
| 245 | 1 | 3 | |a De la structure sociale / |c George Peter Murdock ; traduit de l'americain par Sylvie Laroche et Massimo Giacometti. |
| 260 | |a Paris : |b Payot, |c 1972. | ||
| 300 | |a 357 σ. |c 23 εκ. | ||
| 490 | 1 | |a (Collection science de l'homme) | |
| 650 | 0 | 0 | |a Social structure. |
| 765 | 0 | 8 | |i Μετάφραση του: |t Social structure / |
| 830 | 0 | |a Collection Science de l'homme (Payot (Firm: Paris, France)) | |
| 852 | |a INST |b LESVOS |e 19950711 |h 301 MUR |p 005100007745 |q 005100007745 |t BK |y 0 | ||
| 922 | |a 1ΕΛΗ |b 198706 |c ΠΠ/8713 | ||